Weekend breaks from Delhi (Record no. 492586)

000 -LEADER
fixed length control field 00353cam a22001217a 4500
008 - FIXED-LENGTH DATA ELEMENTS--GENERAL INFORMATION
fixed length control field 180718b2002 xxu||||| |||| 00| 0 eng d
082 ## - DEWEY DECIMAL CLASSIFICATION NUMBER
Classification number OA6x5461 M474
245 ## - TITLE STATEMENT
Title Weekend breaks from Delhi
Statement of responsibility, etc. edited by Vinod Mehta
260 ## - PUBLICATION, DISTRIBUTION, ETC.
Place of publication, distribution, etc. New Delhi
Name of publisher, distributor, etc. Outlook Traveller
Date of publication, distribution, etc. 2002
300 ## - PHYSICAL DESCRIPTION
Extent 358p.
650 ## - SUBJECT ADDED ENTRY--TOPICAL TERM
Topical term or geographic name entry element India - Discription and travel
700 ## - ADDED ENTRY--PERSONAL NAME
Personal name Mehta, Vinod
Holdings
Withdrawn status Lost status Damaged status Not for loan Permanent Location Current Location Date acquired Full call number Barcode Date last seen Price effective from Koha item type
        Indian Institute of Public Administration Indian Institute of Public Administration 2018-08-04 OA6x5461 M474 GR16480 2018-08-04 2018-08-04 GR

Powered by Koha